000 00941nam a2200181Ia 4500
008 090630s9999 xx 000 0 und d
082 _b28851
100 _aसंपा. पधान ग. प्र. / जाधव रा. ग.
245 _aनिवडक साधना खंड 1 साधनातील साने गुरुजी.
_cसंपा. पधान ग. प्र. / जाधव रा. ग.
260 _bसाधना - पुणे.
_c2007
300 _a195
600 _aसंपा. पधान ग. प्र. / जाधव रा. ग.
630 _aनिवडक साधना खंड 1 साधनातील साने गुरुजी.
655 _aइतर.
700 _aसंपा. पधान ग. प्र. / जाधव रा. ग.
730 _aनिवडक साधना खंड 1 साधनातील साने गुरुजी.
942 _cBOOK
999 _c280707
_d280707